Test Inazuma Eleven - Estadísticas

Estadísticas generales
  • Esta prueba ha sido intentada 629 veces
  • La puntuación promedio es 9 de 20
Estadísticas de respuestas
Pregunta Respuesta % Correcto
¿Cuántas supertécnicas distintas llega a utilizar King en la saga original? 4
89%
¿Cuántos goles (individuales o combinados) mete Shawn en la final del FFI? 1
86%
¿Qué jugador del Raimon mete el primer gol contra el Otaku? Willy
82%
¿Quién es el primer jugador extranjero del Raimon? Bobby
79%
¿Con qué dorsal juega Xavier en Inazuma Japón? 18
65%
Cuando se eligen los primeros jugadores para el Inazuma Japón ¿quién dice Jude que sería más rentable que Archer? Kevin / Samford
65%
¿Cómo se llama el hermano gemelo de Willy Glass? Isaac
64%
¿Cuál es la supertécnica de parada más débil de Mark? Despeje de fuego
59%
¿Cuál es la única supertécnica conjunta que tienen Jude y Caleb? Campo de fuerza
49%
¿Contra qué equipo rompe Shawn la portería? Tormenta de Géminis
46%
¿Cuál es la primera supertécnica que utiliza el portero del Zeus en la final del FF? Muralla tsunami
41%
¿Cuál fue el resultado del último partido de la Royal Academy contra el Raimon? 2-1
39%
En el partido contra Caos ¿qué supertécnica hace que Byron se lesione? Cortafuegos
36%
¿Cuál es la tercera supertécnica que utilizó el Raimon en un partido oficial? Tornado dragón
36%
¿Cuál es la última supertécnica de tiro que realiza Janus cuando está en el Tormenta de Géminis? Disparo cósmico
25%
¿Cuál es la primera supertécnica que aparece en toda la serie? Chut de los 100 toques
20%
¿Quienes fueron los dos primeros jugadores en unirse al club de fútbol después de Mark? Kevin y Steve
20%
¿Qué dos jugadores se pierden en un bosque en la 3ª temporada? Scotty y Xavier
17%
¿Quienes se cuelan en la Federación FFI de Japón para conseguir información sobre Percival Travis? Willy y Celia
12%
¿Cuál es el primer partido en el que el Raimon empieza ganando? Catar
6%
No se encontraron pruebas coincidentes
Distribución de puntuación
Porcentaje de gente con cada puntuación
Porcentaje por número respondido
Historial de tus puntuaciones
No has intentado esta prueba.